000 00388nam a2200157Ia 4500
008 230312s9999||||xx |||||||||||||| ||und||
020 _a0-470-28173-4
082 _a612.015
_bBIO
100 _aDevlin
245 0 _aBiochemistry with Clinical correlations
260 _bJohn Wiley & Sons
_aUSA
_c2011
300 _a1204
546 _aEng.
650 _aMedical
_vBiochemistry
942 _cBK
999 _c5102
_d5102